| 000 | 00547nam a2200205 a 4500 | ||
|---|---|---|---|
| 005 | 20140414131925.0 | ||
| 008 | 101027s19uu xx 00 eng d | ||
| 020 | _a0-307-121062 | ||
| 050 |
_aER _bUg6 1989 |
||
| 100 | _aAndersen, Hans Christian | ||
| 245 |
_aThe ugly duckling / _cby Hans Christian Andersen; adapted by Ben Cruise; illustrated by Lisa McCue. |
||
| 260 |
_aNew York : _bGolden Book, _c1989. |
||
| 440 | _a | ||
| 650 |
_a _x |
||
| 650 |
_a _x |
||
| 650 |
_a _x |
||
| 650 |
_a _x |
||
| 999 |
_c111982 _d111982 |
||